000 00360nam a2200157Ia 4500
003 Ost
005 20260225132600.0
008 260225s9999||||xx |||||||||||||| ||und||
040 _cfsic
041 _afre
082 _a70.4
100 _aMouloud mammeri
_eAuteur
245 0 _aprécis de grammaire berbére /
245 0 _cMouloud mammeri
942 _cكتاب
999 _c34699
_d34699